| 000 | 00435nam a2200145 i 4500 | ||
|---|---|---|---|
| 001 | 90046 | ||
| 003 | ES-MaACL | ||
| 007 | t| | ||
| 008 | 050117s1920 fr ||||1| fre d | ||
| 100 | 1 |
_aLefebvre, Charles. _971222 |
|
| 245 | 1 | 3 |
_aLa famille en France dans le Droit et dans les moeurs / _cpar Charles Lefebvre. |
| 260 |
_aParis : _b[s.n.], _c1920 ( _eLaval : _fL. Barnéoud) |
||
| 300 |
_a222 p. ; _c23 cm. |
||
| 852 |
_aES-MaACL _jB-5628 |
||
| 999 |
_c90046 _d90046 |
||